000 00803nam a2200229Ii 4500
003 JO-AjNU
008 230605s9999||||xx |||||||||||||| ||und||
017 _a2009/8112
040 _aJO-AjNU
_bara
_erda
_cJO-AjNU
041 _aara
050 1 4 _aDS19.S2422 2009
100 3 _aالصلابي، علي محمد محمد,
_eauthor
_960526
245 0 0 _aالمغول بين الانتشار والانكسار
250 _aط1
264 3 1 _aالقاهرة: مؤسسة اقرأ، 2009
300 _a407ص
_bيحتوي على المصادر والمراجع من ص390ص-407ص
336 _atext
_btxt
_2rdacontent
337 _aunmediated
_bn
_2rdamedia
338 _avolume
_bnc
_2rdacarrier
490 0 _aموسوعة الحروب الصليبية (5)
650 4 _aالمغول- تاريخ
_960527
999 _aA27297
_c30865
_d30865